01165nab a2200241 uc450000100070000000500170000700800410002403500110006504000130007604100080008910000370009724500470013426000100018152004550019165000330064665000370067965000300071665000190074670000390076577300900080494200100089499900190090495516820240201202317.0051115s2005 spa  a955168 ccomduadb aspa10aCerbino, Mauro4auteaut934296210aMovimientos y maquinas de guerra juveniles c2005.3 aRESUMEN : La politicidad del sujeto juvenil, que emerge en las prácticas estratégicas de los jóvenes a propósito de su participación en las protestas que llevaron al derrocamiento del presidente del Ecuador, Lucio Gutiérrez, contamina la política en su visión dominante y sistémica. Gestos y formas de organización juvenil que no configuran lo usual de los movimientos sociales y que obligan a redefinir el concepto de movimiento. aJuventud y política955161 7aMovimientos sociales2embne9321 7aSubjetividad2lemb944152 aEcuador92471410aRodríguez, Ana4auteaut92723790 tNómadas (Bogotá)gNúmero 23, Octubre 2005, p. 112-121w106322x0121-7550090417 cARIMP c372468d372468